Rock-forming minerals / (Record no. 12112)

MARC details
000 -LEADER
fixed length control field 01336nam a22003371i 4500
001 - CONTROL NUMBER
control field 9634160
003 - CONTROL NUMBER IDENTIFIER
control field EG-ScBUE
005 - DATE AND TIME OF LATEST TRANSACTION
control field 20260315093900.0
008 - FIXED-LENGTH DATA ELEMENTS--GENERAL INFORMATION
fixed length control field 790328s1965 enka frb s001 0 eng c
035 ## - SYSTEM CONTROL NUMBER
System control number (OCoLC)4790918
040 ## - CATALOGING SOURCE
Original cataloging agency EG-ScBUE
Language of cataloging eng
Description conventions rda
Transcribing agency EG-ScBUE
Modifying agency EG-ScBUE
082 04 - DEWEY DECIMAL CLASSIFICATION NUMBER
Classification number 557.94
Edition number 22
Item number DEE
100 1# - MAIN ENTRY--PERSONAL NAME
Personal name Deer, W. A.
Fuller form of name (William Alexander),
9 (RLIN) 7214
Relator term author.
245 10 - TITLE STATEMENT
Title Rock-forming minerals /
Statement of responsibility, etc W. A. Deer, M.Sc., Ph.D., F.R.S., professor of mineralogy and petrology, Cambridge University, R. A. Howie, M.A., Ph.D., F.G.S., reader in geology, London University (King's College), and J. Zussman, M.A., Ph.D., F.Inst.P., reader in minerology, Oxford University.
250 ## - EDITION STATEMENT
Edition statement Fourth impression.
264 #1 - PUBLICATION, DISTRIBUTION, ETC. (IMPRINT)
Place of publication, distribution, etc London :
Name of publisher, distributor, etc Longmans,
Date of publication, distribution, etc 1965.
300 ## - PHYSICAL DESCRIPTION
Extent ix, 435 pages :
Other physical details illustrations ;
Dimensions 27 cm.
336 ## - CONTENT TYPE
Source rdacontent
Content type term text
Content type code txt
337 ## - MEDIA TYPE
Media type term unmediated
Source rdamedia
Media type code n
338 ## - CARRIER TYPE
Carrier type term volume
Carrier type code nc
Source rdacarrier
490 0# - SERIES STATEMENT
Series statement Framework silicates ;
Volume number/sequential designation volume 4
504 ## - BIBLIOGRAPHY, ETC. NOTE
Bibliography, etc Includes bibliographical references and index.<br/>
650 #7 - SUBJECT ADDED ENTRY--TOPICAL TERM
Topical term or geographic name as entry element Lawsonite.
9 (RLIN) 7215
650 #7 - SUBJECT ADDED ENTRY--TOPICAL TERM
Topical term or geographic name as entry element Rock-forming minerals.
9 (RLIN) 7216
Source of heading or term BUEsh
650 #7 - SUBJECT ADDED ENTRY--TOPICAL TERM
Topical term or geographic name as entry element Silicate minerals.
Source of heading or term BUEsh
650 #7 - SUBJECT ADDED ENTRY--TOPICAL TERM
Topical term or geographic name as entry element Rocks.
Source of heading or term BUEsh
655 ## - INDEX TERM--GENRE/FORM
Form subdivision Reading book
700 1# - ADDED ENTRY--PERSONAL NAME
Personal name Howie, R. A.
Fuller form of name (Robert Andrew),
Relator term author.
700 1# - ADDED ENTRY--PERSONAL NAME
Personal name Zussman, J.,
Relator term author.
942 ## - ADDED ENTRY ELEMENTS (KOHA)
Source of classification or shelving scheme Dewey Decimal Classification
Koha item type Book - Borrowing
Holdings
Withdrawn status Lost status Source of classification or shelving scheme Damaged status Not for loan Collection code Home library Current library Shelving location Date acquired Cost, normal purchase price Total Checkouts Full call number Barcode Date last seen Price effective from Koha item type
    Dewey Decimal Classification     Alef-Baa Central Library Central Library First floor 30/06/2009 150.00   557.94 DEE 000016702 15/07/2025 30/06/2009 Book - Borrowing